MARC details
| 000 -CABECERA |
| campo de control de longitud fija |
02040cam a2200385 i 4500 |
| 001 - NÚMERO DE CONTROL |
| campo de control |
991049130559706706 |
| 003 - IDENTIFICADOR DEL NÚMERO DE CONTROL |
| campo de control |
ES-BaIT |
| 005 - FECHA Y HORA DE LA ÚLTIMA TRANSACCIÓN |
| campo de control |
20251106092358.0 |
| 008 - DATOS DE LONGITUD FIJA--INFORMACIÓN GENERAL |
| campo de control de longitud fija |
181211s2018 spca||| |||| 0|0 0dcat|c |
| 015 ## - NÚMERO DE BIBLIOGRAFÍA NACIONAL |
| Número de bibliografía nacional |
LL2019 |
| Fuente |
bnc |
| 017 ## - NÚMERO DE COPYRIGHT O DE DEPÓSITO LEGAL |
| Número de copyright o de depósito legal |
DL L 1258-2018 |
| Agencia que asigna |
Biblioteca de Catalunya |
| 020 ## - NÚMERO INTERNACIONAL ESTÁNDAR DEL LIBRO |
| Número Internacional Estándar del Libro |
9788491441328 |
| 035 ## - NÚMERO DE CONTROL DEL SISTEMA |
| Número de control de sistema |
(ES-BaCBU).b72323577 |
| 035 ## - NÚMERO DE CONTROL DEL SISTEMA |
| Número de control de sistema |
(OCoLC)1120574673 |
| 040 ## - FUENTE DE LA CATALOGACIÓN |
| Centro catalogador/agencia de origen |
ES-LlUDL |
| Lengua de catalogación |
cat |
| Normas de descripción |
rda |
| Centro/agencia transcriptor |
ES-LlUDL |
| Centro/agencia modificador |
ES-BaBC |
| 080 ## - NÚMERO DE LA CLASIFICACIÓN DECIMAL UNIVERSAL |
| Número de la Clasificación Decimal Universal |
821.134.1-7Capri, Joan1.07 |
| Identificador de la edición |
2004 |
| 080 ## - NÚMERO DE LA CLASIFICACIÓN DECIMAL UNIVERSAL |
| Número de la Clasificación Decimal Universal |
792.081:82-7 |
| Identificador de la edición |
2004 |
| 100 1# - ENTRADA PRINCIPAL--NOMBRE DE PERSONA |
| Nombre de persona |
Serés Seuma, Teresa |
| Término indicativo de función/relación |
autor |
| 9 (RLIN) |
167758 |
| 245 10 - MENCIÓN DE TÍTULO |
| Título |
Capri : |
| Resto del título |
per morir-se de riure / |
| Mención de responsabilidad, etc. |
Teresa Serés Seuma |
| 264 #1 - PRODUCCIÓN, PUBLICACIÓN, DISTRIBUCIÓN, FABRICACIÓN Y COPYRIGHT |
| Producción, publicación, distribución, fabricación y copyright |
Lleida : |
| Nombre del de productor, editor, distribuidor, fabricante |
Edicions de la Universitat de Lleida, |
| Fecha de producción, publicación, distribución, fabricación o copyright |
2018 |
| 300 ## - DESCRIPCIÓN FÍSICA |
| Extensión |
169 pàgines : |
| Otras características físicas |
il·lustracions (algunes en color) ; |
| Dimensiones |
24 cm |
| 336 ## - TIPO DE CONTENIDO |
| Término de tipo de contenido |
text |
| Código de tipo de contenido |
txt |
| Fuente |
rdacontent |
| 337 ## - TIPO DE MEDIO |
| Nombre/término del tipo de medio |
sense mediació |
| Código del tipo de medio |
n |
| Fuente |
rdamedia |
| 338 ## - TIPO DE SOPORTE |
| Nombre/término del tipo de soporte |
volum |
| Código del tipo de soporte |
nc |
| Fuente |
rdacarrier |
| 490 1# - MENCIÓN DE SERIE |
| Mención de serie |
Biblioteca de comunicació i cultura ; |
| Designación de volumen o secuencia |
3 |
| 504 ## - NOTA DE BIBLIOGRAFÍA, ETC. |
| Nota de bibliografía, etc. |
Bibliografia (pàgines 149-154) |
| 520 ## - SUMARIO, ETC. |
| Sumario, etc. |
"És ben sabut que Joan Camprubí era un home trist que feia morir de riure. Del seu èxit, no n'hi ha cap dubte. El públic tenia clar que era un geni de l'humor. Els seus monòlegs han estat escoltats en disc una vegada rera una altra, i també vistos a la televisió i al teatre. A Capri se l'ha definit també com el "prototip del català emprenyat". Per tant, entenem que no li cal res més per convertir-se en el mite de la societat catalana del segle XXI. Però, amb què estava emprenyat Capri? Aquest estudi vol explicar la sàtira de costums que l'humorista fa a través dels seus monòlegs i del reguitzell de personatges que els protagonitzen." -- Contracoberta |
| 600 10 - PUNTO DE ACCESO ADICIONAL DE MATERIA--NOMBRE DE PERSONA |
| Nombre de persona |
Capri, Joan, |
| Fechas asociadas al nombre |
1917-2000 |
| Subdivisión general |
Crítica i interpretació |
| Fuente del encabezamiento o término |
lemac |
| 9 (RLIN) |
167759 |
| 650 #7 - PUNTO DE ACCESO ADICIONAL DE MATERIA--TÉRMINO DE MATERIA |
| Término de materia o nombre geográfico como elemento de entrada |
Monòlegs humorístics |
| 9 (RLIN) |
57315 |
| 830 ## - PUNTO DE ACCESO ADICIONAL DE SERIE-TÍTULO UNIFORME |
| Título uniforme |
Biblioteca de comunicació i cultura |
| Designación de volumen o secuencia |
3 |
| 9 (RLIN) |
167760 |
| 907 ## - ELEMENTOS DE DATOS G LOCAL, LDG (RLIN) |
| a |
.b72323577 |
| b |
18-02-21 |
| c |
11-12-18 |
| d |
27-02-19 |
| e |
m |
| f |
a |
| g |
- |
| h |
cat |
| i |
spc |
| j |
0 |
| k |
1 |
| 908 ## - COLOCAR PARÁMETRO DE COMANDO (RLIN) |
| Colocar parámetro de comando |
UdL |
| -- |
BC |
| 940 ## - EQUIVALENCIA O REFERENCIA-CRUZADA--TÍTULO UNIFORME [OBSOLETO] [solamente CAN/MARC] |
| Título uniforme |
<a href="BC">BC</a> |
| 942 ## - ELEMENTOS DE ENTRADA AGREGADA (KOHA) |
| Fuente del sistema de clasificación o colocación |
Clasificación decimal universal |
| Tipo de ítem Koha |
Llibre |